Shakespeare speeches: Tomorrow and tomorrow - Statistics

General Stats
  • This quiz has been taken 25 times
  • The average score is 56 of 75
Answer Stats
Answer % Correct
a
100%
a
100%
a
100%
an
100%
and
100%
and
100%
And
100%
and
100%
and
100%
and
100%
from
100%
in
100%
this
100%
to
100%
to
100%
to
100%
Tomorrow,
100%
tomorrow,
100%
tomorrow,
100%
all
86%
creeps
86%
day
86%
day,
86%
no
86%
of
86%
of
86%
pace
86%
petty
86%
the
86%
the
86%
the
86%
brief
71%
but
71%
by
71%
candle!
71%
death.
71%
full
71%
fury,
71%
idiot,
71%
It
71%
Life's
71%
nothing.
71%
our
71%
Out,
71%
out,
71%
recorded
71%
signifying
71%
sound
71%
stage,
71%
struts
71%
that
71%
then
71%
time;
71%
dusty
57%
fools
57%
his
57%
is
57%
is
57%
last
57%
more.
57%
player,
57%
poor
57%
tale
57%
told
57%
upon
57%
way
57%
yesterdays
57%
frets
43%
have
43%
heard
43%
hour
43%
lighted
43%
shadow,
43%
syllable
43%
walking
43%
No matching quizzes found
Score Distribution
Percent of People with Each Score
Percentile by Number Answered
Your Score History
You have not taken this quiz